000 00585nam a2200241Ia 4500
003 OSt
005 20220924151243.0
006 a|||||r|||| 00| 0
007 ta
008 220923b |||||||| |||| 00| 0 tel d
020 _c13
024 _a336840
037 _cTextual
040 _aARTS
_cARTS
_btel
041 _2tel
_atel
082 _aO35,3NSR6,3, M3
100 _aSri bhagwan
_9223864
245 0 _aDampatya yogam
260 _c1983
650 _aTELUGU FICTION
942 _hO35,3NSR6,3, M3
_cTEXL
_2CC
999 _c465983
_d465983